000 01569nam0a22002891 4500
001 rc\4871103
005 20250613023702.0
021 _aRU
_b[63-101883]
035 _a(NLR Aleph) 008910851
090 _a8762716
_c8762716
100 _a20130426d1963 |||y0rusy50 ca
101 0 _arus
102 _aRU
105 _aa z |||||
200 1 _aО некоторых структурных особенностях кубических карбидов Ti, V и Nb
_eДоклад на заседании коллоквиума 18 дек. 1963 г.
210 _aЛенинград
_cБ. и.
_d1963
215 _a19 с.
_cчерт.
_d20
225 1 _aМинистерство высшего и среднего специального образования РСФСР. ЛЭТИ имени В.И. Ульянова (Ленина). ЛГУ имени А.А. Жданова. Ленинградское областное правление ВХО имени Д.И. Менделеева. Постоянный межинститутский коллоквиум по твердым фазам переменного состава
_vВып. 40 (10)
320 _aБиблиогр.: с. 18-19 (25 назв.)
606 _aЦветные металлы, карбиды
_xКристаллическая структура
_2psbo
700 1 _aЦхай
_bВ.А.
_gВиктор Андреевич
701 1 _aГельд
_bП.В.
_gПавел Владимирович
801 0 _aRU
_bNLR
_gpsbo
801 1 _aRU
_bELAR
_2rusmarc
852 _aNLR
_jП7/813
942 _cBOOK
980 _aNB